Auditing Criminal Justice
This paper addresses the impact of economy, efficiency, and effectiveness - the three Es' - upon agencies of the criminal justice system (police and prosecution, forensic investigation, courts, probation services, and prisons) in the 1980s in Britain. It also asks whether what is happening to c...
| 1. VerfasserIn: | |
|---|---|
| Medienart: | Druck Aufsatz |
| Sprache: | Englisch |
| Veröffentlicht: |
1993
|
| In: |
The British journal of criminology
Jahr: 1993, Band: 33, Heft: 2, Seiten: 187-202 |
| Verfügbarkeit prüfen: | HBZ Gateway |
| Schlagwörter: |
MARC
| LEADER | 00000caa a22000002c 4500 | ||
|---|---|---|---|
| 001 | 1640348212 | ||
| 003 | DE-627 | ||
| 005 | 20220608131759.0 | ||
| 007 | tu | ||
| 008 | 160223s1993 xx ||||| 00| ||eng c | ||
| 035 | |a (DE-627)1640348212 | ||
| 035 | |a (DE-576)456122788 | ||
| 035 | |a (DE-599)BSZ456122788 | ||
| 040 | |a DE-627 |b ger |c DE-627 |e rakwb | ||
| 041 | |a eng | ||
| 100 | 1 | |a Jones, Carol |4 aut | |
| 245 | 1 | 0 | |a Auditing Criminal Justice |c Carol Jones |
| 264 | 1 | |c 1993 | |
| 336 | |a Text |b txt |2 rdacontent | ||
| 337 | |a ohne Hilfsmittel zu benutzen |b n |2 rdamedia | ||
| 338 | |a Band |b nc |2 rdacarrier | ||
| 520 | |a This paper addresses the impact of economy, efficiency, and effectiveness - the three Es' - upon agencies of the criminal justice system (police and prosecution, forensic investigation, courts, probation services, and prisons) in the 1980s in Britain. It also asks whether what is happening to criminal justice signifies a shift from rule of law' towards managerial justice'. It argues that the emphasis upon consumer control' has led not to more public accountability but to increased central control of criminal justice practice. Finally, it raises the issue of whether these trends form part of a wider political strategy to manage' social tensions within British society wrought by the return to notions of free market' capitalism, enterprise culture, and the strong state' | ||
| 773 | 0 | 8 | |i In |t The British journal of criminology |d Oxford : Univ. Press, 1960 |g 33(1993), 2, Seite 187-202 |w (DE-627)129851361 |w (DE-600)280389-6 |w (DE-576)015150712 |x 0007-0955 |7 nnas |
| 773 | 1 | 8 | |g volume:33 |g year:1993 |g number:2 |g pages:187-202 |
| 935 | |a mkri | ||
| 951 | |a AR | ||
| ELC | |b 1 | ||
| LOK | |0 000 xxxxxcx a22 zn 4500 | ||
| LOK | |0 001 3301948456 | ||
| LOK | |0 003 DE-627 | ||
| LOK | |0 004 1640348212 | ||
| LOK | |0 005 20250519151404 | ||
| LOK | |0 008 160208||||||||||||||||ger||||||| | ||
| LOK | |0 040 |a DE-21-110 |c DE-627 |d DE-21-110 | ||
| LOK | |0 689 |a s |a Strafvollzug | ||
| LOK | |0 689 |a s |a Bewährungshilfe | ||
| LOK | |0 689 |a g |a England | ||
| LOK | |0 689 |a s |a Polizei | ||
| LOK | |0 689 |a s |a Staatsanwaltschaft | ||
| LOK | |0 689 |a s |a Effizienzkontrolle | ||
| LOK | |0 852 |a DE-21-110 | ||
| LOK | |0 852 1 |m p |9 00 | ||
| LOK | |0 935 |a k110 | ||
| LOK | |0 938 |k p | ||
| LOK | |0 939 |a 08-02-16 |b l01 | ||
| ORI | |a SA-MARC-krimdoka001.raw | ||
